000 00923cam a22002652 4500
001 0000019548
005 20151217145917.0
008 110107s xx 000 0 eng d
020 _a1847034564 :
040 _aKABU
_cKABU
100 1 _aBarlow, J. S.
_@0000179309
245 1 0 _aWills, administration and taxation law and practice /
_cJ. S. Barlow, L. C. King, A. G. King.
250 _a9th ed.
260 _aLondon :
_bSweet & Maxwell,
_c2008.
300 _axxxviii, 545 p.
650 0 _aWills
_zEngland.
_@0000179310
650 0 _aExcutors and administration
_zEngland.
_@0000179311
650 0 _aProbate law & practice.
_@0000179312
650 0 _aInheritance and transfer tax
_xLaw and legislation
_zEngland.
_@0000179313
700 1 _aKing, L. C.
_@0000179314
700 1 _aKing, A. G.
_@0000179315
852 1 _9p4940 KES
908 _a110107
950 _@1
999 _c3972
_d3972